Brawl Stars Brawlers that Start with G - Statistics

General Stats
  • This quiz has been taken 277 times
  • The average score is 4 of 6
Answer Stats
Answer % Correct
Grom
81%
Gus
76%
Gale
75%
Griff
69%
Gray
67%
Gene
61%
No matching quizzes found
Score Distribution
Percent of People with Each Score
Percentile by Number Answered
Your Score History
You have not taken this quiz